[Event "Montigny le Bretonneux op 25th"]
[Site "Montigny le Bretonneux"]
[Date "2023.05.18"]
[Round "2"]
[White "Nguyen, Alexandre"]
[Black "Couradin, Bruno"]
[Result "1-0"]
[WhiteElo "1199"]
[BlackElo "1343"]
[PlyCount "75"]
[EventDate "2023.05.18"]
[EventType "swiss"]
[EventRounds "9"]
[EventCountry "FRA"]
[SourceTitle "CBM 214 Extra"]
[Source "ChessBase"]
[SourceDate "2023.07.31"]
[SourceVersion "1"]
[SourceVersionDate "2023.07.31"]
[SourceQuality "1"]

1. d4 d5 2. Bf4 Nc6 3. Nf3 Nf6 4. h3 h6 5. e3 Bf5 6. c3 e6 7. Bd3 Bxd3 8. Qxd3 Bd6 9. Ne5 0-0 10. 0-0 Ne4 11. Nd2 Nxd2 12. Qxd2 f6 13. Nxc6 bxc6 14. Bxd6 Qxd6 15. Rfe1 c5 16. Rac1 cxd4 17. cxd4 Rac8 18. Rc2 Rfe8 19. Rec1 e5 20. Rc6 Qd7 21. Qa5 Re7 22. Qxa7 exd4 23. Qxd4 Re6 24. Rxe6 Qxe6 25. Rc5 c6 26. b4 Qe5 27. b5 Qe6 28. b6 Rb8 29. Qb4 Qc8 30. a4 Qa6 31. Rxc6 Qb7 32. Qb5 Rd8 33. a5 d4 34. a6 Qb8 35. exd4 Rxd4 36. g3 Kh7 37. Qf5+ Kg8 38. Rc8+ 1-0